书目信息 |
| 题名: |
会说话的智慧
|
|
| 作者: | 丁艳丽 编著 | |
| 分册: | ||
| 出版信息: | 北京 台海出版社 2010.05 |
|
| 页数: | 226页 | |
| 开本: | 24cm | |
| 丛书名: | 人生成功智慧锦囊 | |
| 单 册: | ||
| 中图分类: | H019 | |
| 科图分类: | ||
| 主题词: | 口才学--kou cai xue--通俗读物 | |
| 电子资源: | ||
| ISBN: | 978-7-80141-632-2 | |
| 000 | 00924nam 2200265 450 | |
| 001 | 012011894394 | |
| 005 | 20110426133801.82 | |
| 010 | @a978-7-80141-632-2@dCNY32.00 | |
| 100 | @a20110426d2010 em y0chiy0120 ea | |
| 101 | 0 | @achi |
| 102 | @aCN@b110000 | |
| 105 | @ay z 000yy | |
| 106 | @ar | |
| 200 | 1 | @a会说话的智慧@Ahui shuo hua de zhi hui@d= Speak of wisdom@f丁艳丽编著@Fding yan li bian zhu@zeng |
| 210 | @a北京@c台海出版社@d2010.05 | |
| 215 | @a226页@d24cm | |
| 225 | 2 | @a人生成功智慧锦囊@Aren sheng cheng gong zhi hui jin nang@v2 |
| 330 | @a本书介绍了与人沟通和交流的艺术、赞美与说服的技巧、拒绝与批评的秘诀以及幽默机智、委婉含蓄、掌控尺度的说话智慧等。 | |
| 410 | 0 | @12001 @a人生成功智慧锦囊 |
| 510 | 1 | @aSpeak of wisdom@zeng |
| 606 | 0 | @a口才学@Akou cai xue@j通俗读物 |
| 690 | @aH019@v4 | |
| 701 | 0 | @a丁艳丽@Ading yan li@4编著 |
| 801 | 0 | @aCN@bQSSK@c20110426 |
| 905 | @b792567-69@dH019@eD593@f3 | |
| 会说话的智慧= Speak of wisdom/丁艳丽编著.-北京:台海出版社,2010.05 |
| 226页;24cm.-(人生成功智慧锦囊;2) |
| ISBN 978-7-80141-632-2:CNY32.00 |
| 本书介绍了与人沟通和交流的艺术、赞美与说服的技巧、拒绝与批评的秘诀以及幽默机智、委婉含蓄、掌控尺度的说话智慧等。 |
| ● |
| 相关链接 |
|
|
|
正题名:会说话的智慧
索取号:H019/D593
 
预约/预借
| 序号 | 登录号 | 条形码 | 馆藏地/架位号 | 状态 | 备注 |
| 1 | 792567 | 207925673 | 语言库209/209语言库 63排1列2层/ [索取号:H019/D593] | 在馆 | |
| 2 | 792568 | 207925682 | 语言库209/209语言库 63排1列2层/ [索取号:H019/D593] | 在馆 | |
| 3 | 792569 | 207925691 | 语言库209/209语言库 63排1列2层/ [索取号:H019/D593] | 在馆 |